| 000 | 01034cam a2200277 a 4500 | ||
|---|---|---|---|
| 999 |
_c6999 _d6999 |
||
| 001 | 2488948 | ||
| 003 | OSt | ||
| 005 | 20230301162525.0 | ||
| 008 | 911127s1992 caua 001 0 eng | ||
| 010 | _a 91042901 | ||
| 020 | _a0124805582 (alk. paper) | ||
| 040 |
_aDLC _cDLC _dDLC |
||
| 082 | 0 | 0 | _a579.28MAT 1992 |
| 100 | 1 |
_aMatthews, R. Ellies. F. _d1921- _914354 |
|
| 245 | 1 | 0 | _aFundamentals of Plant Virology |
| 260 |
_aSan Diego; _bAcademic Press, _cc1992. |
||
| 300 |
_axii, 403 p. : _bill. ; _c24 cm. |
||
| 504 | _aIncludes bibliographical references (p. 387-394) and index. | ||
| 650 | 0 |
_aPlant viruses. _914355 |
|
| 650 | 0 |
_aVirology _9893 |
|
| 856 | 4 | 2 |
_3Publisher description _uhttp://www.loc.gov/catdir/description/els032/91042901.html |
| 856 | 4 | 1 |
_3Table of contents _uhttp://www.loc.gov/catdir/toc/els032/91042901.html |
| 906 |
_a7 _bcbc _corignew _d1 _eocip _f19 _gy-gencatlg |
||
| 942 |
_2ddc _cO_SHELF |
||